London 'and' Pub Names III Quiz Stats

Quiz not verified by Sporcle

Also try: World Flags (A-Z)
Challenge
Share
Tweet
Score 0/5 Timer 02:00
0 Plays Today
% Correct
Rose
92.5%
King
87.5%
George
80%
Dog
77.5%
Oak
70%

You're not logged in!

Compare scores with friends on all Sporcle quizzes.
Join for Free
OR
Log In

You Might Also Like...

Show Comments

Extras

Created Aug 2, 2017ReportNominate
Tags:Clickable Quiz, between, form, London, pub

Top Quizzes Today


Score Distribution

Your Account Isn't Verified!

In order to create a playlist on Sporcle, you need to verify the email address you used during registration. Go to your Sporcle Settings to finish the process.

Report this User

Report this user for behavior that violates our Community Guidelines.

Details: